Statistics for Cities and Municipalities of Mimaropa, Philippines

Click here to take the quiz!

General Stats

  • This quiz has been taken 5 times
  • The average score is 40 of 73

Answer Stats

Answer% Correct
Calapan City
100%
Calatrava
100%
Coron
100%
El Nido
100%
Odiongan
100%
Puerto Galera
100%
Romblon
100%
San Jose
100%
San Jose
100%
Abra de Ilog
67%
Balabac
67%
Boac
67%
Bongabong
67%
Brooke's Point
67%
Bulalacao
67%
Cuyo
67%
Dumaran
67%
Ferrol
67%
Gasan
67%
Looc
67%
Looc
67%
Magdiwang
67%
Mamburao
67%
Mogpog
67%
Pinamalayan
67%
Pola
67%
Puerto Princesa City
67%
Quezon
67%
Rizal
67%
Rizal
67%
Roxas
67%
Roxas
67%
San Agustin
67%
San Andres
67%
Santa Fe
67%
Santa Maria
67%
Victoria
67%
Aborlan
33%
Agutaya
33%
Alcantara
33%
Araceli
33%
Baco
33%
Bansud
33%
Banton
33%
Bataraza
33%
Buenavista
33%
Busuanga
33%
Cagayancillo
33%
Cajidiocan
33%
Calintaan
33%
Concepcion
33%
Corcuera
33%
Culion
33%
Gloria
33%
Kalayaan
33%
Linapacan
33%
Lubang
33%
Magsaysay
33%
Magsaysay
33%
Mansalay
33%
Narra
33%
Naujan
33%
Paluan
33%
Sablayan
33%
San Fernando
33%
Santa Cruz
33%
Santa Cruz
33%
San Teodoro
33%
San Vicente
33%
Socorro
33%
Sofronio Española
33%
Taytay
33%
Torrijos
33%

Score Distribution

Percentile by Number Answered

Percent of People with Each Score

Your Score History

You have not taken this quiz